Statistics for Countries in foreign languages (tres)

Click here to take the quiz!

General Stats

  • This quiz has been taken 21 times
  • The average score is 6 of 15

Answer Stats

CountryForeign languageEnglish name% Correct
Ginea-KonakryBasqueGuinea
100%
SjinaAfrikaansChina
80%
TysklandSwedishGermany
75%
Verenigd KoninkrijkDutchUK
75%
Yr AlmaenWelshGermany
40%
ZvicraAlbanianSwitzerland
40%
an tSeicIrish GaelicCzech Republic
35%
VenemaaEstonianRussia
25%
OlaszországHungarianItaly
20%
SvartfjallalandIcelandicMontenegro
20%
NizozemskaSerbo-CroatianNetherlands
20%
YhdysvallatFinnishUSA
20%
ArnavutlukTurkishAlbania
15%
RakouskoCzechAustria
10%
Tân Tây LanVietnameseNew Zealand
5%

Score Distribution

Percentile by Number Answered

Percent of People with Each Score

Your Score History

You have not taken this quiz